00439pam a2200169 a 4500020001500000040000800015082002600023100002300049245005400072250001200126260003800138300002800176650001500204650001600219650001400235700002000249 a006046111X cDLC00a301 HAR 1989 A074 Or.1 aSherman, Howard J.10aSociology, traditional and radical perspectives / a2nd ed. aNew York :bHarper & Row,cc1989. axxiii, 417 p. ;c24 cm. 0aSociology. 0aRadicalism. 0aSociology1 aWood, James L.,